000
00314nam a22001217a 4500
008
230623b xxu||||| |||| 00| 0 eng d
020
_a
0906383064
082
_a
330.96
_b
NAB 1980
245
_a
Imperialism and Revolution in Uganda
260
_a
London
_b
Onyx Press Ltd
_c
1980
300
_a
VIII,376p
942
_2
ddc
_c
BK
999
_c
2535
_d
2535